Gender guidelines

Wedi'i Gadw mewn:
Manylion Llyfryddiaeth
Fformat: Llyfr
Iaith:Undetermined
Pynciau:
Tagiau: Ychwanegu Tag
Dim Tagiau, Byddwch y cyntaf i dagio'r cofnod hwn!
Thư viện lưu trữ: Trung tâm Học liệu Trường Đại học Cần Thơ
LEADER 00358nam a2200133Ia 4500
001 CTU_124697
008 210402s9999 xx 000 0 und d
082 |a 305.3 
082 |b G325 
245 0 |a Gender guidelines 
650 |a Women,Gender indentity 
650 |x Social conditions 
904 |i M.Loan 
980 |a Trung tâm Học liệu Trường Đại học Cần Thơ